GEOTECHNICAL ENGINEERING (Record no. 587093)

000 -LEADER
fixed length control field 00315nam a22001337a 4500
020 ## - INTERNATIONAL STANDARD BOOK NUMBER
Qualifying information HB.
040 ## - CATALOGING SOURCE
Transcribing agency FIZAA ISHAQ
082 ## - DEWEY DECIMAL CLASSIFICATION NUMBER
Classification number 624.151
Author Mark VNS
100 ## - MAIN ENTRY--PERSONAL NAME
Personal name MURTHY, V.N.S.
9 (RLIN) 85748
245 ## - TITLE STATEMENT
Title GEOTECHNICAL ENGINEERING
Statement of responsibility, etc. V.N.S. MURTHY.
260 ## - PUBLICATION, DISTRIBUTION, ETC.
Place of publication, distribution, etc. NEW DEHLI :
Date of publication, distribution, etc. 2003.
300 ## - PHYSICAL DESCRIPTION
Extent 1029 P. ;
942 ## - ADDED ENTRY ELEMENTS (KOHA)
Source of classification or shelving scheme
Koha item type Book
Holdings
Withdrawn status Lost status Source of classification or shelving scheme Damaged status Not for loan Permanent Location Current Location Date acquired Total Checkouts Full call number Date last seen Copy number Price effective from Koha item type
          NUST Baluchistan Campus (NBC) NUST Baluchistan Campus (NBC) 12/06/2021   624.151 VNS 12/06/2021 Q-2105 12/06/2021 Book
© 2023 Central Library, National University of Sciences and Technology. All Rights Reserved.